<?xml version="1.0" encoding="UTF-8"?>
<record
    xmlns:xsi="http://www.w3.org/2001/XMLSchema-instance"
    xsi:schemaLocation="http://www.loc.gov/MARC21/slim http://www.loc.gov/standards/marcxml/schema/MARC21slim.xsd"
    xmlns="http://www.loc.gov/MARC21/slim">

  <leader>00729nam a2200205Ia 4500</leader>
  <controlfield tag="003">OSt</controlfield>
  <controlfield tag="005">20240726150030.0</controlfield>
  <controlfield tag="008">210210b2016   xxu||||| |||| 00| 0 eng d</controlfield>
  <datafield tag="020" ind1=" " ind2=" ">
    <subfield code="a">8192300757</subfield>
  </datafield>
  <datafield tag="040" ind1=" " ind2=" ">
    <subfield code="c">AL</subfield>
  </datafield>
  <datafield tag="041" ind1=" " ind2=" ">
    <subfield code="a">Kannada</subfield>
  </datafield>
  <datafield tag="082" ind1=" " ind2=" ">
    <subfield code="a">732.4487K PUNB</subfield>
  </datafield>
  <datafield tag="100" ind1=" " ind2=" ">
    <subfield code="a">PUNDALIKA KALLIGANURU</subfield>
    <subfield code="d"> &#xCAA;&#xCC1;&#xC82;&#xCA1;&#xCB2;&#xCC0;&#xC95; &#xC95;&#xCB2;&#xCCD;&#xCB2;&#xCBF;&#xC97;&#xCA8;&#xCC2;&#xCB0;&#xCC1;</subfield>
    <subfield code="9">174189</subfield>
  </datafield>
  <datafield tag="245" ind1=" " ind2=" ">
    <subfield code="a">Beluru halebidu shilpakala samrajya: chayachitra samputa</subfield>
    <subfield code="b">&#xCAC;&#xCC7;&#xCB2;&#xCC2;&#xCB0;&#xCC1; &#xCB9;&#xCB3;&#xCC7;&#xCAC;&#xCC0;&#xCA1;&#xCC1; &#xCB6;&#xCBF;&#xCB2;&#xCCD;&#xCAA;&#xC95;&#xCB2;&#xCBE; &#xCB8;&#xCBE;&#xCAE;&#xCCD;&#xCB0;&#xCBE;&#xC9C;&#xCCD;&#xCAF;: &#xC9B;&#xCBE;&#xCAF;&#xCBE;&#xC9A;&#xCBF;&#xCA4;&#xCCD;&#xCB0; &#xCB8;&#xC82;&#xCAA;&#xCC1;&#xC9F;</subfield>
  </datafield>
  <datafield tag="260" ind1=" " ind2=" ">
    <subfield code="a">Bengaluru</subfield>
    <subfield code="b">Kikkeri Publications</subfield>
    <subfield code="c">2016</subfield>
  </datafield>
  <datafield tag="300" ind1=" " ind2=" ">
    <subfield code="a">xxiv,376</subfield>
  </datafield>
  <datafield tag="690" ind1=" " ind2=" ">
    <subfield code="a">Sculpture</subfield>
    <subfield code="9">174190</subfield>
  </datafield>
  <datafield tag="906" ind1=" " ind2=" ">
    <subfield code="a">070903</subfield>
  </datafield>
  <datafield tag="942" ind1=" " ind2=" ">
    <subfield code="2">ddc</subfield>
    <subfield code="c">BK</subfield>
  </datafield>
  <datafield tag="999" ind1=" " ind2=" ">
    <subfield code="c">120307</subfield>
    <subfield code="d">120307</subfield>
  </datafield>
  <datafield tag="952" ind1=" " ind2=" ">
    <subfield code="0">0</subfield>
    <subfield code="1">0</subfield>
    <subfield code="4">0</subfield>
    <subfield code="7">3</subfield>
    <subfield code="8">History</subfield>
    <subfield code="a">AL</subfield>
    <subfield code="b">AL</subfield>
    <subfield code="c">RS</subfield>
    <subfield code="d">2021-02-17</subfield>
    <subfield code="e">Navakarnataka Publication Pvt Ltd., Mangalore</subfield>
    <subfield code="g">1450.00</subfield>
    <subfield code="l">0</subfield>
    <subfield code="o">732.4487K PUNB</subfield>
    <subfield code="p">070903</subfield>
    <subfield code="r">2021-02-17 00:00:00</subfield>
    <subfield code="w">2021-02-17</subfield>
    <subfield code="y">BK</subfield>
  </datafield>
</record>
